000 00412nam a2200169Ia 4500
008 230524s9999 xx 000 0 und d
020 _a9781259061127
082 _bPAL
100 _aWilliam J. Palm
_942808
245 2 _aA Concise Introduction to MATLAB
250 _a1
260 _aNew Delhi
_bTMH
_c2012
300 _a"VIII,413p;"
500 _aQuantity Number: 1
650 _aMechanics
942 _cBK
999 _c57783
_d57783